Catálogo
 En Linea

Ortografía 3 : (Registro nro. 56085)

Detalles MARC
000 -CABECERA
campo de control de longitud fija 01968nam a2200301 i 4500
003 - IDENTIFICADOR DEL NÚMERO DE CONTROL
campo de control DO-SdBNP
005 - FECHA Y HORA DE LA ÚLTIMA TRANSACCIÓN
campo de control 20240312144030.0
007 - CAMPO FIJO DE DESCRIPCIÓN FÍSICA--INFORMACIÓN GENERAL
campo de control de longitud fija ta
008 - DATOS DE LONGITUD FIJA--INFORMACIÓN GENERAL
campo de control de longitud fija 240312s2001 dr a 000 0 spa d
020 ## - NÚMERO INTERNACIONAL ESTÁNDAR DEL LIBRO
Número Internacional Estándar del Libro 848261424X
040 ## - FUENTE DE LA CATALOGACIÓN
Centro catalogador/agencia de origen DO-SdBNP
Lengua de catalogación spa
Centro/agencia transcriptor BNPHU
Normas de descripción rda
082 ## - NÚMERO DE LA CLASIFICACIÓN DECIMAL DEWEY
Número de clasificación 372.632
Número de documento/Ítem I37
Número de edición 22
100 ## - ENTRADA PRINCIPAL--NOMBRE DE PERSONA
Nombre de persona Incháustegui, María Isabel
9 (RLIN) 29568
245 10 - MENCIÓN DE TÍTULO
Título Ortografía 3 :
Resto del título educación básica /
Mención de responsabilidad, etc. María Isabel Incháustegui ; dirección editorial Obdulia García de Escobar ; ilustración Ruddy Núñez.
264 #1 - PRODUCCIÓN, PUBLICACIÓN, DISTRIBUCIÓN, FABRICACIÓN Y COPYRIGHT
Producción, publicación, distribución, fabricación y copyright Santo Domingo ;
Nombre del de productor, editor, distribuidor, fabricante Santillana,
Fecha de producción, publicación, distribución, fabricación o copyright 2001.
300 ## - DESCRIPCIÓN FÍSICA
Extensión 55 páginas
Otras características físicas ilustraciones
Dimensiones 28 cm.
336 ## - TIPO DE CONTENIDO
Fuente rdacontent
Término de tipo de contenido texto
Código de tipo de contenido txt
337 ## - TIPO DE MEDIO
Fuente rdamedia
Nombre/término del tipo de medio sin mediación
Código del tipo de medio n
338 ## - TIPO DE SOPORTE
Fuente rdacarrier
Nombre/término del tipo de soporte volumen
Código del tipo de soporte nc
490 1# - MENCIÓN DE SERIE
Mención de serie Umbral
500 ## - NOTA GENERAL
Nota general Educación básica.
505 0# - NOTA DE CONTENIDO CON FORMATO
Información miscelánea unidad 1 --
Título Vamos a sembrar --
-- Palabras con br --
Información miscelánea unidad 2 --
Título Cuidemos nuestra salud --
-- Palabras con ca, co, cu --
Información miscelánea unidad 3 --
Título Necesito Trabajar --
-- Palabras con cr --
Información miscelánea unidad 4 --
Título En la ciudad --
-- Palabras con bl -
Información miscelánea unidad 5 --
Título En el parque --
-- Palabras con gr --
Información miscelánea unidad 6 --
Título Cómo se fabrican --
-- Palabras con dr --
Información miscelánea unidad 7 --
Título De fruta a mermelada --
-- Palabras con pr --
Información miscelánea unidad 8 --
Título Viaje por el universo --
-- Palabras con x --
Información miscelánea unidad 9 --
Título Habitantes del planeta --
-- El alfabeto --
Información miscelánea unidad 10 --
Título ¿Quiénes somos? --
-- Minúsculas y mayúsculas --
Información miscelánea unidad 11 --
Título Te invito a mi fiesta --
-- La sílaba con nv y nf --
Información miscelánea unidad 12 --
Título El mundo animal --
-- La sílaba tónica --
Información miscelánea unidad 13 --
Título Cosas que pasan --
-- Palabras con gue, güe y güi --
Información miscelánea unidad 14 --
Título A preparar recetas --
-- La r y la rr --
Información miscelánea unidad 15 --
Título Trabajan para nosotros --
-- El punto --
Información miscelánea unidad 16 --
Título Amigos de juegos --
-- La coma --
Información miscelánea unidad 17 --
Título Proyectos escolares --
-- Los dos puntos /
590 ## - NOTA LOCAL (RLIN)
Nota local Inventariado, 2024/ YL
700 1# - PUNTO DE ACCESO ADICIONAL--NOMBRE DE PERSONA
Nombre de persona García Escobar, Obdulia de
Término indicativo de función/relación dirección
9 (RLIN) 29220
700 1# - PUNTO DE ACCESO ADICIONAL--NOMBRE DE PERSONA
Nombre de persona Núñez, Ruddy
Término indicativo de función/relación ilustración
9 (RLIN) 23171
910 ## - DATOS DE OPCIÓN DEL USUARIO (OCLC)
Datos de opción del usuario YLockward
942 ## - ELEMENTOS DE PUNTO DE ACCESO ADICIONAL (KOHA)
Fuente del sistema de clasificación o colocación Dewey Decimal Classification
Tipo de ítem Koha Folleto
Existencias
Estado de retiro Estado de pérdida Fuente del sistema de clasificación o colocación Restricciones de uso No para préstamo Código de colección Localización permanente Ubicación/localización actual Ubicación en estantería Fecha de adquisición Fuente de adquisición Total de préstamos Signatura topográfica completa Código de barras Fecha visto por última vez Precio válido a partir de Tipo de ítem Koha
    Dewey Decimal Classification Excluido de préstamo   Infantojuvenil Patrimonio Dominicano Biblioteca Nacional Pedro Henríquez Ureña Biblioteca Nacional Pedro Henríquez Ureña En catalogación 19.02.2021 Donado por Ana Fernandez   BNPHU CIJ-PD 372.632 I37 2024-1394 12.03.2024 12.03.2024 Folleto

Con tecnología Koha